Поверхностные слои никеля, модифицированные высокоинтенсенсивной имплантацией ионов титана; Перспективы развития фундаментальных наук

Бібліографічні деталі
Parent link:Перспективы развития фундаментальных наук.— 2005.— С. 34-35
Автор: Калашников М. П. Марк Петрович
Інші автори: Божко И. А. Ирина Александровна, Курзина И. А. Ирина Александровна
Мова:Російська
Опубліковано: 2005
Предмети:
Формат: MixedMaterials Частина з книги
KOHA link:https://koha.lib.tpu.ru/cgi-bin/koha/opac-detail.pl?biblionumber=215122

MARC

LEADER 00000naa2a2200000 4500
001 215122
005 20251119165402.0
035 |a (RuTPU)RU\TPU\book\235019 
090 |a 215122 
100 |a 20120504d2005 k y0rusy50 ca 
101 0 |a rus 
102 |a RU 
200 1 |a Поверхностные слои никеля, модифицированные высокоинтенсенсивной имплантацией ионов титана  |f М. П. Калашников, И. А. Божко, И. А. Курзина 
320 |a Библиогр.: с. 35 (3 назв.) 
463 0 |0 (RuTPU)RU\TPU\book\100376  |t Перспективы развития фундаментальных наук  |o труды II Международной конференции студентов и молодых ученых, 16-20 мая 2005 г., Томск  |o [сборник трудов]  |f Томский политехнический университет (ТПУ), Факультет естественных наук и математики  |v С. 34-35  |d 2005 
610 1 |a труды учёных ТПУ 
700 1 |a Калашников  |b М. П.  |c физик  |c инженер Томского политехнического университета  |g Марк Петрович  |3 (RuTPU)RU\TPU\pers\31797  |9 15908 
701 1 |a Божко  |b И. А.  |c физик  |c доцент Томского политехнического университета, кандидат физико-математических наук  |f 1980-  |g Ирина Александровна  |3 (RuTPU)RU\TPU\pers\30662  |9 14943 
701 1 |a Курзина  |b И. А.  |c химик  |c доцент Томского политехнического университета, кандидат химических наук  |f 1972-  |g Ирина Александровна  |3 (RuTPU)RU\TPU\pers\30829 
801 1 |a RU  |b 63413507  |c 20120504 
801 2 |a RU  |b 63413507  |c 20151029  |g RCR 
942 |c BK